Quiz: série "The boys" - Statistiques

Statistiques générales
  • Ce quiz a été pris 59 fois
  • Le résultat moyen est 7 sur 11
Statistiques - réponses
Questions Réponses % Correct
dans combien d'épisodes entend-on Black Noir parler 1
96%
combien de viols ont été commis dans la série 2
88%
cause de la mort de transluicide explosion
82%
le produit qui donne les pouvoirs Composé-V
78%
de quelle ville de France vient Frenchie Marseille
76%
à quel personnage Homelander reproche d'avoir pris du poids A-train
72%
de quel pays vient Kimiko Japon
68%
le nom de la défunte compagne de Hughie Robin
68%
dans quelle autre série l'acteur qui joue Stan Edgar interprète-il un gérant de fast food de poulet frit breaking bad
66%
de qui Starlight prend-elle la place au sein des 7 la torche
32%
qui a tué Rebecca Butcher Bryan
4%
Aucun quiz correspondant
Distribution des résultats
% des personnes avec chaque résultat
Percentile par nombre de réponses
Votre historique - résultats
Vous n’avez pas pris ce quiz